000 01331nam a2200397 i 4500
001 194096
003 SpMaBN
005 20250825062734.0
007 ta
008 240410s2004 sp | ||| ||spa
016 7 _abimoBNE20050060758
_2SpMaBN
017 _aM 31112-2004
_bOficina Depósito Legal Madrid
020 _a840309535X
035 _a(OCoLC)433327549
035 _abimo0002000684
040 _aSpMaBN
_bspa
_cSpMaBN
_erdc
_dES-MaACL
080 _a929 Gardner, Ava
080 _a791.44 Gardner, Ava
100 0 _aOrdóñez, Marcos,
_d1957-
_0XX919984
_987191
245 1 0 _aBeberse la vida :
_bAva Gardner en España /
_cMarcos Ordóñez.
250 _a1ª ed.
260 _a[Madrid] :
_bAguilar,
_c2004.
300 _a341 p., [8] p. de lám. ;
_c24 cm
336 _2rdacontent
_atexto
337 _2rdamedia
_asin mediación
338 _2rdacarrier
_avolumen
500 _aÍndices
600 1 7 _aGardner, Ava
_d1922-1990
_2embne
_vBiografías
_9235737
655 0 _aBiografías
_9176647
852 _aES-MaACL
_cDEPO2
_jA-15320
_hDonación: Candela Arroyo
_9201619
903 _9235711
_aArroyo, Candela
_ednr
942 _n0
_cMONOGRAFIA
999 _c194096
_d194096